| 000 | 01738nam a2200289Ia 4500 | ||
|---|---|---|---|
| 999 |
_c40755 _d40755 |
||
| 001 | 7394 | ||
| 003 | GE_BSU | ||
| 005 | 20191226165125.0 | ||
| 008 | 181216s2013||||ge |||||||||||||| ||geo|| | ||
| 020 | _a9789941434303 | ||
| 040 | _cGE_BSU | ||
| 041 | _ageo | ||
| 080 | _a811.111:808.1 დ-72 | ||
| 100 |
_aდოლიძე, თამარ _95969 |
||
| 245 |
_aსათაურის ლინგვოსტილისტური და პრაგმატიკული ასპექტები ინგლისურენოვან პრესაში და მათი ქართულ ენაზე თარგმნის თავისებურებები : _b[მონოგრაფია] / _c თამარ დოლიძე ; რედ. მადონა მეგრელიშვილი. |
||
| 264 |
_aბათუმი : _bშოთა რუსთაველის სახ. უნ-ტი, _c2013. |
||
| 300 |
_a138 გვ.; _b20 სმ. |
||
| 504 | _aბიბლიოგრ.: გვ. 128-134. | ||
| 520 | _aრეზ. ინგლ | ||
| 653 | _a სათაური ინგლისურენოვან პრესაში | ||
| 653 | _aლინგვოსტილისტური განხილვა | ||
| 653 | _a თარგმანი ინგლისური ენიდან | ||
| 653 | _a ინგლისური ენის სტილისტიკა | ||
| 700 |
_aმეგრელიშვილი, მადონა _eრედაქტორი _95970 |
||
| 710 |
_a ბათუმის სახელმწ. უნ-ტი _bგანათლ. და მეცნ. ფაკ-ტი _95971 |
||
| 942 |
_cBK _2udc |
||